Las tres vidas del hombre: corporal, racional y espiritual
Furkejuvvon:
| Váldodahkki: | |
|---|---|
| Materiálatiipa: | Girji |
| Giella: | espánnjágiella |
| Almmustuhtton: |
Madrid
BAC
2002
|
| Preanttus: | 1a. ed |
| Ráidu: | Biblioteca de Autores Cristianos, 619
|
| Fáttát: | |
| Fáddágilkorat: |
Lasit fáddágilkoriid
Eai fáddágilkorat, Lasit vuosttaš fáddágilkora!
|
MARC
| LEADER | 00000nam a2200000 a 4500 | ||
|---|---|---|---|
| 001 | UCH0516 | ||
| 003 | CL-VaPUC | ||
| 008 | 090312e20020000SP |||||||||||||||||spa|d | ||
| 020 | |a 8479145218 | ||
| 082 | 0 | 4 | |a 233.5 |b FUE |2 21 |
| 100 | 0 | |a Fuente, Miguel de la |e author |9 534697 | |
| 245 | 1 | 4 | |a Las tres vidas del hombre: corporal, racional y espiritual |
| 250 | |a 1a. ed | ||
| 300 | |a 369 p | ||
| 942 | |c BK | ||
| 945 | |d 20090312 00:00:00 |a cmena | ||
| 260 | |a Madrid |b BAC |c 2002 | ||
| 650 | 0 | |a Naturaleza humana |9 308593 | |
| 650 | 0 | |a Teología cristiana |9 308336 | |
| 650 | 7 | |a HOMBRE |2 CL-VaPUC |9 262149 | |
| 583 | |a last modification |c 20140401 10:11:30 |k Rodrigo Vera | ||
| 490 | 0 | |a Biblioteca de Autores Cristianos, 619 | |
| 999 | |c 332812 |d 332810 | ||
| 952 | |0 0 |1 0 |4 0 |6 233_500000000000000_FUE_2002 |7 0 |8 A |9 420790 |a BIBTEO |b BIBTEO |d 2019-11-22 |i 4524578 |o 233.5 FUE 2002 |p 4524578 |r 2025-01-17 |w 2019-11-22 |y BK |k ICR | ||